Séptima semana social de Chile 1978: eficacia de la paz
Guardat en:
| Format: | Llibre |
|---|---|
| Idioma: | espanyol |
| Publicat: |
Santiago
ICHEH
1979
|
| Matèries: | |
| Etiquetes: |
Afegir etiqueta
Sense etiquetes, Sigues el primer a etiquetar aquest registre!
|
MARC
| LEADER | 00000nam a2200000 a 4500 | ||
|---|---|---|---|
| 001 | UCO8280 | ||
| 003 | CL-VaPUC | ||
| 005 | 20220222074009.0 | ||
| 008 | 001201e19790000cl 1 spa d | ||
| 082 | 0 | 4 | |a 327.172 |b SEP |2 21 |
| 245 | 1 | 0 | |a Séptima semana social de Chile 1978: eficacia de la paz |
| 260 | |a Santiago |b ICHEH |c 1979 | ||
| 300 | |a 453 p | ||
| 500 | |a Donación del profesor Manfred Wilhelmy von Wolff | ||
| 583 | |a last modification |c 20001201 00:00:00 |k Rodrigo Vera | ||
| 650 | 0 | 0 | |a Paz |9 259242 |
| 650 | 0 | 0 | |a Doctrina social de la iglesia |9 257333 |
| 650 | 0 | 0 | |a Derechos humanos |9 223025 |
| 650 | 0 | 0 | |a Violencia |9 255411 |
| 942 | |c BK | ||
| 945 | |a crobeson |d 20001201 00:00:00 | ||
| 546 | |a En Español | ||
| 518 | |p Semana Social de Chile, 7, Santiago, 1978 | ||
| 999 | |c 383619 |d 383617 | ||
| 952 | |0 0 |1 0 |4 0 |6 327_172000000000000_SEP_1979 |7 0 |8 A |9 505802 |a BIBHIS |b BIBHIS |d 2020-01-23 |i 1236261 |o 327.172 SEP 1979 |p 1236261 |r 2025-01-20 |w 2020-01-23 |y BK |k HIS | ||